[Event "Bhubaneswar op 10th"]
[Site "Bhubaneswar"]
[Date "2017.05.30"]
[Round "7"]
[White "Roy Chowdhury, Saptarshi"]
[Black "Harshavardhan, GB."]
[Result "1-0"]
[WhiteElo "2326"]
[BlackElo "2157"]
[PlyCount "113"]
[EventDate "2017.05.26"]
[EventType "swiss"]
[EventRounds "10"]
[EventCountry "IND"]
[SourceTitle "CBM 178 Extra"]
[Source "ChessBase"]
[SourceDate "2017.06.22"]
[SourceVersion "1"]
[SourceVersionDate "2017.06.22"]
[SourceQuality "1"]

1. d4 Nf6 2. Nf3 e6 3. e3 d5 4. Bd3 c5 5. b3 Bd6 6. Bb2 Nbd7 7. Nbd2 0-0 8. 0-0 Qe7 9. Ne5 cxd4 10. exd4 Ba3 11. Bxa3 Qxa3 12. Qe2 b6 13. f4 g6 14. Ndf3 Bb7 15. Ng5 Qe7 16. a4 Kg7 17. Rae1 Rae8 18. Rf3 h6 19. Ngxf7 Rxf7 20. Rg3 Nxe5 21. Qxe5 Rg8 22. Rxg6+ Kf8 23. f5 Bc8 24. Qf4 Qb4 25. c3 Qe7 26. Qxh6+ Ke8 27. fxe6 Rff8 28. Rxg8 Nxg8 29. Qh5+ Kd8 30. Qxd5+ Kc7 31. Qe5+ Qd6 32. Qg7+ Qe7 33. Qxe7+ Nxe7 34. c4 Kd6 35. d5 Bb7 36. Rf1 Rxf1+ 37. Kxf1 a6 38. h4 Ng8 39. h5 Nh6 40. Ke2 Ke7 41. Kf3 b5 42. axb5 axb5 43. Kf4 bxc4 44. bxc4 Kf6 45. g4 Kg7 46. g5 Ng8 47. d6 Kf8 48. h6 Bc8 49. d7 Bxd7 50. exd7 Ke7 51. h7 Kxd7 52. hxg8Q Kc6 53. Qd5+ Kb6 54. Ke5 Kc7 55. Be4 Kb6 56. Qb7+ Kc5 57. Qb5# 1-0